[Event "SWE-ch"]
[Site "Sunne"]
[Date "2015.07.19"]
[Round "9.4"]
[White "Cramling, Pia"]
[Black "Semcesen, Daniel"]
[Result "1/2-1/2"]
[WhiteElo "2512"]
[BlackElo "2437"]
[PlyCount "54"]
[EventDate "2015.07.11"]
[EventType "tourn"]
[EventRounds "9"]
[EventCountry "SWE"]
[EventCategory "11"]
[SourceTitle "CBM 167 Extra"]
[Source "ChessBase"]
[SourceDate "2015.09.14"]
[SourceVersion "1"]
[SourceVersionDate "2015.09.14"]
[SourceQuality "1"]
1. d4 d5 2. Nf3 Bf5 3. c4 e6 4. Nc3 Nc6 5. Bf4 Nf6 6. e3 Bb4 7. Rc1 O-O 8. Bg5
h6 9. Bxf6 Qxf6 10. cxd5 exd5 11. a3 Bxc3+ 12. Rxc3 Rfc8 13. Be2 Ne7 14. O-O c6
15. Qd2 Bg4 16. Ne5 Bxe2 17. Qxe2 Nf5 18. Qf3 Qe6 19. Nd3 Nd6 20. Rfc1 Re8 21.
h3 Re7 22. Nc5 Qg6 23. Rb3 Rae8 24. Qg4 Qh7 25. Qf4 Qg6 26. Qg4 Qh7 27. Qf4 Qg6
1/2-1/2

[Event "SWE-ch"]
[Site "Sunne"]
[Date "2015.07.19"]
[Round "9.3"]
[White "Berg, Emanuel"]
[Black "Grandelius, Nils"]
[Result "1-0"]
[WhiteElo "2553"]
[BlackElo "2623"]
[PlyCount "115"]
[EventDate "2015.07.11"]
[EventType "tourn"]
[EventRounds "9"]
[EventCountry "SWE"]
[EventCategory "11"]
[SourceTitle "CBM 167 Extra"]
[Source "ChessBase"]
[SourceDate "2015.09.14"]
[SourceVersion "1"]
[SourceVersionDate "2015.09.14"]
[SourceQuality "1"]
1. e4 e5 2. f4 exf4 3. Nf3 g5 4. h4 g4 5. Ne5 Nf6 6. Bc4 d5 7. exd5 Bd6 8. d4
Nh5 9. Nc3 Qe7 10. O-O Bxe5 11. Nb5 Nd7 12. dxe5 Qc5+ 13. Qd4 Qxd4+ 14. Nxd4
Nxe5 15. Bb5+ Bd7 16. Bxd7+ Nxd7 17. Bxf4 O-O-O 18. c4 Rde8 19. Bd2 Ne5 20. b3
Ng3 21. Rf4 Nh5 22. Re4 Ng6 23. Rae1 Rxe4 24. Rxe4 Nf6 25. Re1 h5 26. Rf1 Ne4
27. Bb4 f6 28. Re1 Re8 29. Ne6 Ng3 30. Ng7 Rg8 31. Kh2 Rxg7 32. Kxg3 f5 33. Bd2
Rf7 34. Bg5 Kd7 35. Re6 f4+ 36. Kf2 Ne7 37. Rh6 Nf5 38. Rxh5 Ng3 39. Rh8 Ne4+
40. Kf1 c6 41. Rd8+ Kc7 42. Re8 Nxg5 43. hxg5 cxd5 44. cxd5 Kd6 45. Rd8+ Kc7
46. Rg8 Kd6 47. g6 Rd7 48. Rf8 Rg7 49. Rxf4 Rxg6 50. Rf7 Kxd5 51. Rxb7 Rf6+ 52.
Kg1 Ra6 53. a4 Rc6 54. Kh2 Rc3 55. b4 a6 56. Rb6 Rb3 57. b5 a5 58. Ra6 1-0

[Event "SWE-ch"]
[Site "Sunne"]
[Date "2015.07.19"]
[Round "9.2"]
[White "Smith, Axel"]
[Black "Hector, Jonny"]
[Result "1/2-1/2"]
[WhiteElo "2449"]
[BlackElo "2485"]
[PlyCount "199"]
[EventDate "2015.07.11"]
[EventType "tourn"]
[EventRounds "9"]
[EventCountry "SWE"]
[EventCategory "11"]
[SourceTitle "CBM 167 Extra"]
[Source "ChessBase"]
[SourceDate "2015.09.14"]
[SourceVersion "1"]
[SourceVersionDate "2015.09.14"]
[SourceQuality "1"]
1. c4 e5 2. g3 c6 3. d4 exd4 4. Qxd4 Nf6 5. Nf3 Na6 6. Nc3 Bc5 7. Qe5+ Be7 8.
Bg2 O-O 9. O-O Re8 10. Rd1 Bb4 11. Qd4 Bc5 12. Qd2 d5 13. cxd5 cxd5 14. e3 Bf5
15. a3 Rc8 16. Nxd5 Nxd5 17. Qxd5 Qf6 18. Nd4 Bg4 19. Rf1 Bb6 20. h3 Red8 21.
Qe4 Bh5 22. g4 Bg6 23. Qxb7 Bd3 24. Re1 Nc5 25. Qf3 Qe5 26. Qg3 Qxg3 27. fxg3
Ne4 28. Bxe4 Bxe4 29. Bd2 Rc2 30. Nxc2 Rxd2 31. Nd4 Rxb2 32. a4 a5 33. Rac1 g6
34. Rc8+ Kg7 35. Re8 f5 36. Re7+ Kf6 37. Rxh7 Rg2+ 38. Kf1 Rxg3 39. gxf5 Bxd4
40. exd4 gxf5 41. h4 Kg6 42. Ra7 Kh5 43. Kf2 Rf3+ 44. Ke2 Kg4 45. h5 Rh3 46.
Rg1+ Kf4 47. Rf1+ Bf3+ 48. Kd3 Rxh5 49. Rxa5 Kg3 50. Re5 Kg2 51. Ra1 Bb7 52. a5
Rh3+ 53. Kc4 Ba6+ 54. Kc5 Rb3 55. d5 f4 56. Re6 Rb5+ 57. Kc4 Rb1+ 58. Rxa6 Rxa1
59. Rg6+ Kh3 60. Kb5 f3 61. Rf6 Kg2 62. a6 Rb1+ 63. Kc6 Ra1 64. Kb7 Rb1+ 65.
Kc6 Ra1 66. Kb7 Rb1+ 67. Rb6 Rxb6+ 68. Kxb6 f2 69. a7 f1=Q 70. a8=Q Qb1+ 71.
Ka7 Qa1+ 72. Kb7 Qb2+ 73. Kc6 Qf6+ 74. Kd7 Qf7+ 75. Kd6 Qf6+ 76. Kc7 Qe7+ 77.
Kc8 Qf8+ 78. Kb7 Qg7+ 79. Kb6 Qb2+ 80. Kc6 Qf6+ 81. Kd7 Qf7+ 82. Kd6 Qf6+ 83.
Kc5 Qc3+ 84. Kb5 Qb2+ 85. Kc4 Qc2+ 86. Kd4 Qd2+ 87. Ke4 Qe2+ 88. Kf4 Qf3+ 89.
Kg5 Qg3+ 90. Kf5 Qh3+ 91. Ke5 Qg3+ 92. Kd4 Qf2+ 93. Kd3 Qf1+ 94. Ke3 Qf2+ 95.
Ke4 Qf3+ 96. Kd4 Qf2+ 97. Ke5 Qg3+ 98. Ke6 Qg6+ 99. Ke7 Qg7+ 100. Kd6 1/2-1/2

[Event "SWE-ch"]
[Site "Sunne"]
[Date "2015.07.19"]
[Round "9.5"]
[White "Hillarp Persson, Tiger"]
[Black "Blomqvist, Erik"]
[Result "1/2-1/2"]
[WhiteElo "2563"]
[BlackElo "2487"]
[PlyCount "86"]
[EventDate "2015.07.11"]
[EventType "tourn"]
[EventRounds "9"]
[EventCountry "SWE"]
[EventCategory "11"]
[SourceTitle "CBM 167 Extra"]
[Source "ChessBase"]
[SourceDate "2015.09.14"]
[SourceVersion "1"]
[SourceVersionDate "2015.09.14"]
[SourceQuality "1"]
1. d4 d5 2. c4 c6 3. Nf3 Nf6 4. Nc3 dxc4 5. a4 Bf5 6. e3 e6 7. Bxc4 Bb4 8. O-O
Nbd7 9. Nh4 Bg6 10. Nxg6 hxg6 11. h3 Qa5 12. Na2 Bd6 13. b4 Qg5 14. f4 Qh4 15.
Qf3 Qh5 16. Rb1 Qxf3 17. Rxf3 Ne4 18. Bd3 Ndf6 19. Rb2 Ke7 20. Bd2 Nxd2 21.
Rxd2 Rhd8 22. Rb2 Rd7 23. Nc3 Nd5 24. Nxd5+ cxd5 25. Rf1 Rc7 26. Rb3 Rac8 27.
Kf2 Rc1 28. Rxc1 Rxc1 29. Rb2 Kf6 30. h4 Rh1 31. Kg3 Ke7 32. a5 Kd8 33. Kg4 Be7
34. g3 Rd1 35. Bb5 Ra1 36. Kf3 f5 37. Ke2 Bd6 38. Kf3 a6 39. Be2 Kc7 40. Rc2+
Kd7 41. Rb2 Kc7 42. Rc2+ Kd7 43. Rb2 Kc7 1/2-1/2

[Event "SWE-ch"]
[Site "Sunne"]
[Date "2015.07.19"]
[Round "9.1"]
[White "Tikkanen, Hans"]
[Black "Carlsson, Pontus"]
[Result "1-0"]
[WhiteElo "2529"]
[BlackElo "2451"]
[PlyCount "137"]
[EventDate "2015.07.11"]
[EventType "tourn"]
[EventRounds "9"]
[EventCountry "SWE"]
[EventCategory "11"]
[SourceTitle "CBM 167 Extra"]
[Source "ChessBase"]
[SourceDate "2015.09.14"]
[SourceVersion "1"]
[SourceVersionDate "2015.09.14"]
[SourceQuality "1"]
1. e4 c6 2. Nc3 d5 3. Nf3 Bg4 4. h3 Bxf3 5. Qxf3 e6 6. d3 Nd7 7. Bd2 g6 8. d4
Bg7 9. O-O-O Ne7 10. Be3 Qa5 11. Kb1 b5 12. exd5 Nxd5 13. Nxd5 cxd5 14. g4 Nb6
15. Bd2 Qa4 16. Qb3 Qxb3 17. axb3 a6 18. Ba5 Nd7 19. c3 O-O 20. Bd3 Rfc8 21. f4
f5 22. g5 h5 23. Bb4 Bf8 24. Bxf8 Kxf8 25. Kc2 Rc6 26. Ra1 Rac8 27. Kd2 h4 28.
Rhc1 Ke7 29. Rc2 R8c7 30. Ke2 Kd6 31. Kf2 Ke7 32. Be2 Kd6 33. Bf3 Rb6 34. b4
Rbc6 35. Re2 Nb8 36. Rae1 Kd7 37. Bxd5 exd5 38. Re8 Rc8 39. R8e7+ Kd8 40. Rg7
Nd7 41. Rh7 Nb6 42. Re5 Rd6 43. Rxh4 Rc7 44. Rh8+ Kd7 45. h4 Nc4 46. Re2 Kc6
47. Kg3 Kb7 48. h5 gxh5 49. Kh4 a5 50. bxa5 Nxa5 51. Kxh5 b4 52. g6 bxc3 53.
Rh7 cxb2 54. Rxb2+ Kc6 55. Ra2 Nc4 56. Rxc7+ Kxc7 57. g7 Rd8 58. Ra7+ Kd6 59.
Rf7 Rg8 60. Kg6 Ne3 61. Rf8 Rxg7+ 62. Kxg7 Nc2 63. Rf6+ Ke7 64. Rxf5 Nxd4 65.
Rf7+ Ke6 66. Rf6+ Kd7 67. f5 Nf3 68. Ra6 d4 69. f6 1-0

[Event "SWE-ch"]
[Site "Sunne"]
[Date "2015.07.18"]
[Round "8.5"]
[White "Semcesen, Daniel"]
[Black "Hillarp Persson, Tiger"]
[Result "1-0"]
[WhiteElo "2437"]
[BlackElo "2563"]
[PlyCount "113"]
[EventDate "2015.07.11"]
[EventType "tourn"]
[EventRounds "9"]
[EventCountry "SWE"]
[EventCategory "11"]
[SourceTitle "CBM 167 Extra"]
[Source "ChessBase"]
[SourceDate "2015.09.14"]
[SourceVersion "1"]
[SourceVersionDate "2015.09.14"]
[SourceQuality "1"]
1. d4 Nf6 2. c4 e6 3. Nc3 c5 4. d5 exd5 5. cxd5 d6 6. e4 g6 7. h3 Bg7 8. Nf3 a6
9. a4 Nbd7 10. Bd3 Nh5 11. Bg5 Bf6 12. Bh6 Ne5 13. Be2 Nxf3+ 14. Bxf3 Bg5 15.
Bxg5 Qxg5 16. Bxh5 gxh5 17. Qf3 O-O 18. O-O Bd7 19. Rfe1 f6 20. a5 Rae8 21. Re3
h4 22. Rae1 Re5 23. Qe2 Re7 24. Qf1 Qf4 25. Rf3 Qe5 26. Ree3 Rg7 27. Re2 Kh8
28. Rd3 Qf4 29. Kh1 Rfg8 30. f3 Rg3 31. Rf2 Bb5 32. Nxb5 axb5 33. Rd1 b4 34.
Qb5 f5 35. Qd3 Qg5 36. Qd2 Qg6 37. e5 dxe5 38. d6 Rd8 39. Qd5 Qg7 40. d7 Qe7
41. Qxb7 e4 42. fxe4 fxe4 43. Re2 e3 44. a6 Rgg8 45. a7 Rgf8 46. Qc7 Qe4 47.
a8=Q Qxa8 48. Qe5+ Kg8 49. Qg5+ Kh8 50. Rxe3 Qb8 51. Re7 Qg3 52. Qxc5 b3 53.
Qd4+ Kg8 54. Re4 h5 55. Qd5+ Rf7 56. Re8+ Kg7 57. Rxd8 1-0

[Event "SWE-ch"]
[Site "Sunne"]
[Date "2015.07.18"]
[Round "8.3"]
[White "Grandelius, Nils"]
[Black "Cramling, Pia"]
[Result "1/2-1/2"]
[WhiteElo "2623"]
[BlackElo "2512"]
[PlyCount "110"]
[EventDate "2015.07.11"]
[EventType "tourn"]
[EventRounds "9"]
[EventCountry "SWE"]
[EventCategory "11"]
[SourceTitle "CBM 167 Extra"]
[Source "ChessBase"]
[SourceDate "2015.09.14"]
[SourceVersion "1"]
[SourceVersionDate "2015.09.14"]
[SourceQuality "1"]
1. e4 c5 2. Nf3 e6 3. d4 cxd4 4. Nxd4 Nc6 5. Nc3 Qc7 6. f4 a6 7. Nxc6 bxc6 8.
Bd3 d5 9. O-O Nf6 10. Qe2 Be7 11. Bd2 Bb7 12. Rae1 Nd7 13. Kh1 O-O 14. f5 e5
15. Rf3 f6 16. Rh3 Rfd8 17. Bc4 Nf8 18. Bb3 Kh8 19. Rg3 Bc5 20. Qf3 Rab8 21.
Rd1 Qf7 22. Bc1 Bd4 23. Ne2 Ba7 24. Qg4 a5 25. a3 Ba6 26. h3 h5 27. Qf3 dxe4
28. Qf1 Bc4 29. Bxc4 Qxc4 30. Nc3 Qxf1+ 31. Rxf1 e3 32. Re1 Nd7 33. Nd1 e2 34.
Rxe2 Nb6 35. Nc3 Nc4 36. b3 Nd6 37. Rf3 Nb5 38. Nxb5 cxb5 39. Be3 Bxe3 40.
Rexe3 Rbc8 41. Rc3 b4 42. axb4 axb4 43. Rxc8 Rxc8 44. Rf2 Kh7 45. Re2 Kh6 46.
h4 g6 47. fxg6 Kxg6 48. Re4 Rxc2 49. Rxb4 Kf5 50. Kh2 Rc3 51. Kg1 Rc1+ 52. Kf2
Rc2+ 53. Kf3 Rc3+ 54. Kf2 Rc2+ 55. Kf3 Rc3+ 1/2-1/2

[Event "SWE-ch"]
[Site "Sunne"]
[Date "2015.07.18"]
[Round "8.2"]
[White "Hector, Jonny"]
[Black "Tikkanen, Hans"]
[Result "1-0"]
[WhiteElo "2485"]
[BlackElo "2529"]
[PlyCount "57"]
[EventDate "2015.07.11"]
[EventType "tourn"]
[EventRounds "9"]
[EventCountry "SWE"]
[EventCategory "11"]
[SourceTitle "CBM 167 Extra"]
[Source "ChessBase"]
[SourceDate "2015.09.14"]
[SourceVersion "1"]
[SourceVersionDate "2015.09.14"]
[SourceQuality "1"]
1. e4 e6 2. d4 d5 3. Nc3 Bb4 4. Nge2 dxe4 5. a3 Be7 6. g4 e5 7. h3 h5 8. g5
Bxg5 9. Bxg5 Qxg5 10. Rg1 Qh4 11. Qd2 Ne7 12. O-O-O Bf5 13. Nb5 Na6 14. dxe5
O-O 15. Qf4 Qxf4+ 16. Nxf4 h4 17. Nd4 Bh7 18. e6 f6 19. Nb3 Rfd8 20. Rd7 Kf8
21. Rxe7 Kxe7 22. Rxg7+ Kd6 23. Rxh7 Rh8 24. Rf7 Rhg8 25. Kd2 Rg1 26. Bc4 Rb8
27. Ke3 Ke5 28. Rd7 b5 29. Rd5# 1-0

[Event "SWE-ch"]
[Site "Sunne"]
[Date "2015.07.18"]
[Round "8.4"]
[White "Blomqvist, Erik"]
[Black "Smith, Axel"]
[Result "1/2-1/2"]
[WhiteElo "2487"]
[BlackElo "2449"]
[PlyCount "91"]
[EventDate "2015.07.11"]
[EventType "tourn"]
[EventRounds "9"]
[EventCountry "SWE"]
[EventCategory "11"]
[SourceTitle "CBM 167 Extra"]
[Source "ChessBase"]
[SourceDate "2015.09.14"]
[SourceVersion "1"]
[SourceVersionDate "2015.09.14"]
[SourceQuality "1"]
1. Nf3 d5 2. g3 c5 3. Bg2 Nf6 4. O-O g6 5. c4 Bg7 6. cxd5 Nxd5 7. Nc3 O-O 8.
Qc2 Nc6 9. Rd1 Bg4 10. Qa4 Nd4 11. Nxd4 Nb6 12. Nc6 Nxa4 13. Nxd8 Nxc3 14. dxc3
Raxd8 15. Bg5 Bf6 16. Bxf6 exf6 17. Kf1 Rfe8 18. f3 Be6 19. b3 b6 20. Kf2 Kf8
21. c4 f5 22. f4 Ke7 23. Rd3 a5 24. Rad1 h6 25. Bc6 Rh8 26. Ke3 Rc8 27. Bf3 Rb8
28. Kd2 Rhd8 29. Kc3 Rbc8 30. a3 Rd7 31. R1d2 Rcc7 32. Rb2 Ra7 33. Bc6 Rd6 34.
Bb5 Ra8 35. Rbd2 Rdd8 36. Bc6 Rac8 37. Bf3 Rd7 38. h4 h5 39. Rb2 Ra7 40. Rd1
Rd7 41. Rd3 Ra7 42. Rb1 Rd7 43. Rbd1 Rcc7 44. Rxd7+ Rxd7 45. Rd3 Rc7 46. a4
1/2-1/2

[Event "SWE-ch"]
[Site "Sunne"]
[Date "2015.07.18"]
[Round "8.1"]
[White "Carlsson, Pontus"]
[Black "Berg, Emanuel"]
[Result "1/2-1/2"]
[WhiteElo "2451"]
[BlackElo "2553"]
[PlyCount "73"]
[EventDate "2015.07.11"]
[EventType "tourn"]
[EventRounds "9"]
[EventCountry "SWE"]
[EventCategory "11"]
[SourceTitle "CBM 167 Extra"]
[Source "ChessBase"]
[SourceDate "2015.09.14"]
[SourceVersion "1"]
[SourceVersionDate "2015.09.14"]
[SourceQuality "1"]
1. e4 e6 2. d4 d5 3. Nd2 Nf6 4. e5 Nfd7 5. Bd3 c5 6. c3 Nc6 7. Ngf3 g6 8. O-O
Bg7 9. Re1 O-O 10. Nf1 Qb6 11. Bc2 cxd4 12. cxd4 f6 13. exf6 Nxf6 14. Ba4 Ne4
15. Bxc6 bxc6 16. Ng3 Nxf2 17. Kxf2 Bxd4+ 18. Be3 Bxe3+ 19. Rxe3 e5 20. Qb3
Qxb3 21. axb3 e4 22. Nxe4 dxe4 23. Rxe4 Bf5 24. Re7 Bg4 25. Raxa7 Rxa7 26. Rxa7
Bxf3 27. gxf3 Rb8 28. Rc7 Rxb3 29. Rxc6 Rxb2+ 30. Kg3 Rb7 31. h4 Kg7 32. h5
gxh5 33. Rc5 Kg6 34. Rc6+ Kg7 35. Rc5 Kg6 36. Rc6+ Kf5 37. Rc5+ 1/2-1/2

[Event "SWE-ch"]
[Site "Sunne"]
[Date "2015.07.17"]
[Round "7.2"]
[White "Hillarp Persson, Tiger"]
[Black "Grandelius, Nils"]
[Result "1/2-1/2"]
[WhiteElo "2563"]
[BlackElo "2623"]
[PlyCount "104"]
[EventDate "2015.07.11"]
[EventType "tourn"]
[EventRounds "9"]
[EventCountry "SWE"]
[EventCategory "11"]
[SourceTitle "CBM 167 Extra"]
[Source "ChessBase"]
[SourceDate "2015.09.14"]
[SourceVersion "1"]
[SourceVersionDate "2015.09.14"]
[SourceQuality "1"]
1. b3 e5 2. Bb2 Nc6 3. e3 d5 4. Bb5 Bd6 5. f4 f6 6. Qh5+ g6 7. Qh4 Nge7 8. fxe5
fxe5 9. Nf3 O-O 10. Nc3 Nf5 11. Qxd8 Nxd8 12. e4 Nd4 13. Nxd4 exd4 14. Ne2 a6
15. Bd3 Ne6 16. O-O-O Nc5 17. Nxd4 Nxe4 18. Bxe4 dxe4 19. Rde1 Bd7 20. Rxe4 Rf2
21. g3 c5 22. Ne2 Bc6 23. Nc3 Rd8 24. d3 Rf7 25. Rhe1 Bxe4 26. Nxe4 Be7 27. Kd2
Rd5 28. c4 Rh5 29. h4 g5 30. hxg5 Bxg5+ 31. Kc3 Bf6+ 32. Nxf6+ Rxf6 33. b4
cxb4+ 34. Kxb4 Rf3 35. Re8+ Kf7 36. Rb8 Rxd3 37. Rxb7+ Ke6 38. g4 a5+ 39. Ka4
Rc5 40. Rxh7 Rxc4+ 41. Kxa5 Rd5+ 42. Kb6 Rb4+ 43. Kc6 Rc4+ 44. Kb6 Rd2 45. Rh6+
Kd5 46. Rh5+ Ke4 47. Rb5 Rcc2 48. Be5 Rxa2 49. g5 Rd5 50. Rxd5 Kxd5 51. Bf6 Rg2
52. Kb5 Rxg5 1/2-1/2

[Event "SWE-ch"]
[Site "Sunne"]
[Date "2015.07.17"]
[Round "7.4"]
[White "Cramling, Pia"]
[Black "Berg, Emanuel"]
[Result "1/2-1/2"]
[WhiteElo "2512"]
[BlackElo "2553"]
[PlyCount "99"]
[EventDate "2015.07.11"]
[EventType "tourn"]
[EventRounds "9"]
[EventCountry "SWE"]
[EventCategory "11"]
[SourceTitle "CBM 167 Extra"]
[Source "ChessBase"]
[SourceDate "2015.09.14"]
[SourceVersion "1"]
[SourceVersionDate "2015.09.14"]
[SourceQuality "1"]
1. Nf3 Nf6 2. c4 g6 3. Nc3 Bg7 4. d4 O-O 5. e4 d6 6. Be2 Nbd7 7. O-O e5 8. Be3
Qe7 9. Qc2 c6 10. Rad1 h6 11. h3 exd4 12. Nxd4 Re8 13. f3 Nh5 14. Qd2 Ng3 15.
Rfe1 Qh4 16. Bf1 Ne5 17. Qf2 g5 18. b3 Ng6 19. Nde2 Be5 20. Bd4 Be6 21. Bxe5
Nxe2+ 22. Bxe2 Qxf2+ 23. Kxf2 dxe5 24. Na4 Rad8 25. Ke3 Nf4 26. Bf1 Kf8 27. Nc5
Bc8 28. g3 Ng6 29. Be2 h5 30. Rg1 f6 31. h4 gxh4 32. gxh4 Nxh4 33. Rxd8 Rxd8
34. Nd3 Rd7 35. f4 Rg7 36. Rxg7 Kxg7 37. Bxh5 exf4+ 38. Nxf4 Kh6 39. Kf2 Kg5
40. Kg3 Ng2 41. Nxg2 Kxh5 42. Kf4 Kg6 43. Nh4+ Kf7 44. c5 Be6 45. Nf3 b6 46.
Nd4 bxc5 47. Nxc6 c4 48. bxc4 Bxc4 49. Nxa7 Bxa2 50. Nc6 1/2-1/2

[Event "SWE-ch"]
[Site "Sunne"]
[Date "2015.07.17"]
[Round "7.5"]
[White "Smith, Axel"]
[Black "Semcesen, Daniel"]
[Result "1/2-1/2"]
[WhiteElo "2449"]
[BlackElo "2437"]
[PlyCount "82"]
[EventDate "2015.07.11"]
[EventType "tourn"]
[EventRounds "9"]
[EventCountry "SWE"]
[EventCategory "11"]
[SourceTitle "CBM 167 Extra"]
[Source "ChessBase"]
[SourceDate "2015.09.14"]
[SourceVersion "1"]
[SourceVersionDate "2015.09.14"]
[SourceQuality "1"]
1. d4 d6 2. Nf3 f5 3. Nc3 Nf6 4. Bg5 c6 5. e3 e6 6. Bd3 Be7 7. O-O d5 8. Ne2
O-O 9. c4 Bd7 10. Ne5 h6 11. Bh4 g5 12. Bg3 Be8 13. f3 Nbd7 14. Rc1 Nh5 15.
Nxd7 Qxd7 16. Be5 Bd6 17. Bxd6 Qxd6 18. Qb3 Rf7 19. cxd5 cxd5 20. Rc5 Nf6 21.
Rfc1 Bc6 22. Bb5 Bxb5 23. Qxb5 Kg7 24. R5c3 Re8 25. Qc5 Qa6 26. R3c2 Qxa2 27.
Nc3 Qb3 28. Qb5 Qxb5 29. Nxb5 Rd7 30. Nxa7 Ra8 31. Nb5 Ra5 32. Na3 Kf7 33. Rc8
Ne8 34. Kf2 Ra4 35. R1c2 Rb4 36. Ke2 Nd6 37. R8c3 Ke7 38. Rd2 Kd8 39. b3 Rc7
40. Rdc2 Rxc3 41. Rxc3 Rb6 1/2-1/2

[Event "SWE-ch"]
[Site "Sunne"]
[Date "2015.07.17"]
[Round "7.1"]
[White "Hector, Jonny"]
[Black "Carlsson, Pontus"]
[Result "1/2-1/2"]
[WhiteElo "2485"]
[BlackElo "2451"]
[PlyCount "66"]
[EventDate "2015.07.11"]
[EventType "tourn"]
[EventRounds "9"]
[EventCountry "SWE"]
[EventCategory "11"]
[SourceTitle "CBM 167 Extra"]
[Source "ChessBase"]
[SourceDate "2015.09.14"]
[SourceVersion "1"]
[SourceVersionDate "2015.09.14"]
[SourceQuality "1"]
1. e4 c5 2. c3 d5 3. exd5 Qxd5 4. d4 Nc6 5. Nf3 Bf5 6. Na3 cxd4 7. Bc4 Qe4+ 8.
Be3 e6 9. cxd4 Bb4+ 10. Kf1 Bxa3 11. bxa3 Nf6 12. Rc1 Nd5 13. Qe1 O-O 14. h4
Nf4 15. Bd2 Nd5 16. h5 Qxe1+ 17. Kxe1 Rfd8 18. Rh4 h6 19. Ne5 Nde7 20. Nxc6
Nxc6 21. Be3 Rac8 22. Ke2 Na5 23. Bd3 Rxc1 24. Bxc1 Bxd3+ 25. Kxd3 Rd5 26. a4
Nc6 27. Kc4 Ra5 28. Kb3 Rd5 29. Be3 Kf8 30. Kc4 Ra5 31. Kb3 Rd5 32. Kc4 Na5+
33. Kc3 Nc6 1/2-1/2

[Event "SWE-ch"]
[Site "Sunne"]
[Date "2015.07.17"]
[Round "7.3"]
[White "Tikkanen, Hans"]
[Black "Blomqvist, Erik"]
[Result "1/2-1/2"]
[WhiteElo "2529"]
[BlackElo "2487"]
[PlyCount "133"]
[EventDate "2015.07.11"]
[EventType "tourn"]
[EventRounds "9"]
[EventCountry "SWE"]
[EventCategory "11"]
[SourceTitle "CBM 167 Extra"]
[Source "ChessBase"]
[SourceDate "2015.09.14"]
[SourceVersion "1"]
[SourceVersionDate "2015.09.14"]
[SourceQuality "1"]
1. e4 c5 2. Nf3 d6 3. Bb5+ Bd7 4. Bxd7+ Nxd7 5. c4 Ngf6 6. Nc3 g6 7. d4 cxd4 8.
Nxd4 Rc8 9. b3 Qa5 10. Bd2 Bg7 11. O-O O-O 12. Re1 Qh5 13. Qxh5 Nxh5 14. Be3
Rfe8 15. f3 a6 16. Rac1 Nf4 17. Red1 Ne6 18. Kf2 h5 19. Nxe6 fxe6 20. Ne2 Rc7
21. Nf4 Kf7 22. Nh3 Bf6 23. Ng5+ Bxg5 24. Bxg5 e5 25. Be3 Ke6 26. Ke2 Rg8 27.
h4 Rgc8 28. Kd3 Rc6 29. b4 b5 30. cxb5 axb5 31. a4 bxa4 32. Rxc6 Rxc6 33. Ra1
Ra6 34. Kc4 Ra8 35. Ra2 Nf6 36. b5 d5+ 37. Kb4 dxe4 38. fxe4 Nxe4 39. Rxa4
Rxa4+ 40. Kxa4 Kd5 41. Ka5 Nd6 42. Ka6 e4 43. Bg1 e6 44. Bf2 e5 45. Bg1 Ne8 46.
b6 Kc6 47. Bc5 Nf6 48. b7 Nd7 49. Bf2 Kd5 50. Kb5 Nb8 51. Ba7 Nd7 52. Kb4 e3
53. Kc3 Ke4 54. b8=Q Nxb8 55. Bxb8 Kf4 56. Kd3 Kg3 57. Kxe3 Kxh4 58. Bxe5 Kg4
59. Bd6 h4 60. Kf2 h3 61. g3 g5 62. Bc7 Kf5 63. Bb6 Ke4 64. Kg1 Kf3 65. Kh2 g4
66. Bc5 Ke2 67. Bb6 1/2-1/2

[Event "SWE-ch"]
[Site "Sunne"]
[Date "2015.07.16"]
[Round "6.1"]
[White "Berg, Emanuel"]
[Black "Hillarp Persson, Tiger"]
[Result "1-0"]
[WhiteElo "2553"]
[BlackElo "2563"]
[PlyCount "143"]
[EventDate "2015.07.11"]
[EventType "tourn"]
[EventRounds "9"]
[EventCountry "SWE"]
[EventCategory "11"]
[SourceTitle "CBM 167 Extra"]
[Source "ChessBase"]
[SourceDate "2015.09.14"]
[SourceVersion "1"]
[SourceVersionDate "2015.09.14"]
[SourceQuality "1"]
1. e4 c6 2. Bc4 d5 3. Bb3 dxe4 4. Qh5 g6 5. Qh4 Nf6 6. Nc3 Bf5 7. f3 exf3 8.
Nxf3 Nbd7 9. d4 e6 10. O-O h6 11. h3 Rg8 12. Qe1 g5 13. Ne5 Bg6 14. d5 cxd5 15.
Ba4 Bc5+ 16. Kh1 Kf8 17. Nxd7+ Nxd7 18. Qxe6 Nb6 19. Bb3 Kg7 20. Qg4 Re8 21.
Qf3 Re5 22. Bd2 f5 23. Rae1 Rxe1 24. Rxe1 Kh7 25. Nxd5 Nxd5 26. Bxd5 Qd7 27.
Bc3 Re8 28. Rd1 Qe7 29. Bxb7 f4 30. Bc6 Be4 31. Bxe4+ Qxe4 32. Rd7+ Kg8 33.
Qxe4 Rxe4 34. Rd5 Bf2 35. Re5 Ra4 36. a3 Rc4 37. Re2 Bb6 38. Be1 Kf7 39. Bf2
Bxf2 40. Rxf2 Kg6 41. Rd2 h5 42. Kg1 g4 43. Kf2 a5 44. c3 a4 45. Rd5 Re4 46.
Ra5 Kh6 47. Rb5 Kg6 48. Ra5 Kh6 49. Rb5 Kg6 50. h4 Re3 51. Rb4 g3+ 52. Kf1 Kf5
53. Rxa4 Kg4 54. Rd4 Re8 55. a4 Rf8 56. Ke2 Re8+ 57. Kf1 Rf8 58. a5 Kxh4 59. a6
Kg4 60. a7 h4 61. Rb4 Ra8 62. Rb7 h3 63. Rg7+ Kf5 64. gxh3 Kf6 65. Rg4 Kf5 66.
Rg7 Kf6 67. Rg4 Kf5 68. Kg2 Rd8 69. a8=Q Rxa8 70. Kf3 Ra4 71. b4 Ra3 72. Rxf4+
1-0

[Event "SWE-ch"]
[Site "Sunne"]
[Date "2015.07.16"]
[Round "6.5"]
[White "Grandelius, Nils"]
[Black "Smith, Axel"]
[Result "1-0"]
[WhiteElo "2623"]
[BlackElo "2449"]
[PlyCount "83"]
[EventDate "2015.07.11"]
[EventType "tourn"]
[EventRounds "9"]
[EventCountry "SWE"]
[EventCategory "11"]
[SourceTitle "CBM 167 Extra"]
[Source "ChessBase"]
[SourceDate "2015.09.14"]
[SourceVersion "1"]
[SourceVersionDate "2015.09.14"]
[SourceQuality "1"]
1. d4 Nf6 2. Nf3 c5 3. d5 e6 4. c4 b5 5. Bg5 exd5 6. cxd5 d6 7. e4 a6 8. Nbd2
Be7 9. Bf4 O-O 10. a4 bxa4 11. Bd3 a5 12. O-O Na6 13. Re1 Nb4 14. Bf1 Nh5 15.
Bg3 f5 16. exf5 Nxg3 17. hxg3 Bxf5 18. Ne4 Bf6 19. Qd2 Qd7 20. Bc4 Bxe4 21.
Rxe4 Rfe8 22. Rae1 Rxe4 23. Rxe4 Re8 24. Re6 Kf8 25. Ng5 Rxe6 26. Nxe6+ Kg8 27.
Qe2 h6 28. g4 Qe8 29. g3 Qg6 30. Nf4 Qf7 31. Ne6 Qg6 32. Nf4 Qf7 33. Kg2 Be5
34. Ne6 Qf6 35. g5 hxg5 36. Qg4 Bxb2 37. Nxg5 g6 38. Qc8+ Kg7 39. Qd7+ Kh6 40.
Qh7+ Kxg5 41. Qh4+ Kf5 42. Qf4# 1-0

[Event "SWE-ch"]
[Site "Sunne"]
[Date "2015.07.16"]
[Round "6.4"]
[White "Semcesen, Daniel"]
[Black "Tikkanen, Hans"]
[Result "1/2-1/2"]
[WhiteElo "2437"]
[BlackElo "2529"]
[PlyCount "28"]
[EventDate "2015.07.11"]
[EventType "tourn"]
[EventRounds "9"]
[EventCountry "SWE"]
[EventCategory "11"]
[SourceTitle "CBM 167 Extra"]
[Source "ChessBase"]
[SourceDate "2015.09.14"]
[SourceVersion "1"]
[SourceVersionDate "2015.09.14"]
[SourceQuality "1"]
1. d4 d5 2. c4 c6 3. e3 Bf5 4. cxd5 cxd5 5. Qb3 Qc7 6. Nc3 e6 7. e4 dxe4 8. Bf4
Qb6 9. Bb5+ Nd7 10. Bxd7+ Kxd7 11. Qa4+ Qc6 12. Qb3 Qb6 13. Qa4+ Qc6 14. Qb3
Qb6 1/2-1/2